000 00547nam a2200217Ia 4500
003 LK-CoUSC
008 240509s9999 xx 000 0 und d
020 _a9788131516300
082 _a658.404
082 _bS13
100 _aSCHWALBE,KATHY
245 0 _aManaging Information Technology Projects
250 _a6th ed.
260 _bIndia,Cengage
260 _c2011
300 _a490 p.
650 _aProject Management : Information Management
942 _2ddc
942 _cLBK
_2ddc
945 _a1
_bMadushi Gamage
_c2361
_dSanjeewa Udaya
999 _c23289
_d23289